Gundam Movies - Statistics

General Stats
  • This quiz has been taken 8 times
  • The average score is 4 of 9
Answer Stats
Hint Answer % Correct
1988 Mobile Suit Gundam: Char's Counterattack
100%
2021 Mobile Suit Gundam: Hathaway
86%
2010 Mobile Suit Gundam 00 the Movie: A Wakening of the Trailblazer
71%
1991 Mobile Suit Gundam F91
57%
2024 Mobile Suit Gundam SEED Freedom
43%
2022 Mobile Suit Gundam: Cucuruz Doan's Island
14%
2016 Gundam Build Fighters Try: Island Wars
0%
2018 Mobile Suit Gundam Narrative
0%
2024 Mobile Suit Gundam: Silver Phantom
0%
No matching quizzes found
Score Distribution
Percent of People with Each Score
Percentile by Number Answered
Your Score History
You have not taken this quiz